[Event "DEM U14 2023"]
[Site "Willingen GER"]
[Date "2023.06.03"]
[Round "9"]
[White "Sickmann, Lisa"]
[Black "Melestean, Maxim"]
[Result "0-1"]
[Termination "normal"]
[Board "19"]
[WhiteElo "1892"]
[BlackElo "1450"]
[WhiteClock "00:26:42"]
[BlackClock "00:27:05"]
[PlyCount "96"]
[WhiteFideId "16267818"]
[BlackFideId "16280393"]
[EventCountry "GER"]
[EventRounds "9"]
[EventType "swiss"]
[EventDate "2023.05.27"]

1. e4 {[%clk 01:30:58]} {[%emt 00:00:02]} c6 {[%clk 01:30:55]} {[%emt
00:00:05]} 2. d4 {[%clk 01:31:22]} {[%emt 00:00:08]} d5 {[%clk 01:31:21]}
{[%emt 00:00:03]} 3. Nc3 {[%clk 01:31:49]} {[%emt 00:00:03]} dxe4 {[%clk
01:31:45]} {[%emt 00:00:05]} 4. Nxe4 {[%clk 01:32:14]} {[%emt 00:00:04]} Bf5
{[%clk 01:32:07]} {[%emt 00:00:09]} 5. Ng3 {[%clk 01:32:38]} {[%emt 00:00:06]}
Bg6 {[%clk 01:32:32]} {[%emt 00:00:06]} 6. h4 {[%clk 01:33:03]} {[%emt
00:00:05]} h6 {[%clk 01:32:56]} {[%emt 00:00:07]} 7. Nf3 {[%clk 01:33:20]}
{[%emt 00:00:12]} e6 {[%clk 01:33:21]} {[%emt 00:00:06]} 8. Ne5 {[%clk
01:32:30]} {[%emt 00:01:18]} Bh7 {[%clk 01:33:45]} {[%emt 00:00:07]} 9. Bd3
{[%clk 01:32:30]} {[%emt 00:00:30]} Bxd3 {[%clk 01:34:07]} {[%emt 00:00:07]}
10. Qxd3 {[%clk 01:32:56]} {[%emt 00:00:04]} Nd7 {[%clk 01:34:33]} {[%emt
00:00:05]} 11. Nxd7 {[%clk 01:31:09]} {[%emt 00:02:17]} Qxd7 {[%clk 01:34:56]}
{[%emt 00:00:07]} 12. Bf4 {[%clk 01:31:33]} {[%emt 00:00:07]} Bb4+ {[%clk
01:35:12]} {[%emt 00:00:14]} 13. c3 {[%clk 01:31:46]} {[%emt 00:00:18]} Be7
{[%clk 01:35:20]} {[%emt 00:00:20]} 14. O-O-O {[%clk 01:31:54]} {[%emt
00:00:21]} Nf6 {[%clk 01:35:36]} {[%emt 00:00:15]} 15. Ne4 {[%clk 01:29:48]}
{[%emt 00:02:36]} Rd8 {[%clk 01:10:56]} {[%emt 00:25:10]} 16. Nxf6+ {[%clk
01:24:19]} {[%emt 00:05:58]} Bxf6 {[%clk 01:11:24]} {[%emt 00:00:03]} 17. g4
{[%clk 01:23:40]} {[%emt 00:01:09]} Qd5 {[%clk 01:07:36]} {[%emt 00:04:18]} 18.
Kb1 {[%clk 01:21:31]} {[%emt 00:02:39]} a6 {[%clk 01:06:43]} {[%emt 00:01:24]}
19. Qe3 {[%clk 01:08:58]} {[%emt 00:13:02]} c5 {[%clk 01:00:26]} {[%emt
00:06:47]} 20. dxc5 {[%clk 01:04:17]} {[%emt 00:05:11]} Qxd1+ {[%clk 01:00:49]}
{[%emt 00:00:07]} 21. Rxd1 {[%clk 01:04:42]} {[%emt 00:00:04]} Rxd1+ {[%clk
01:01:13]} {[%emt 00:00:06]} 22. Kc2 {[%clk 01:05:09]} {[%emt 00:00:04]} Rd7
{[%clk 01:01:18]} {[%emt 00:00:25]} 23. h5 {[%clk 01:04:26]} {[%emt 00:01:12]}
O-O {[%clk 00:53:09]} {[%emt 00:08:40]} 24. Bd6 {[%clk 00:59:28]} {[%emt
00:05:27]} Be7 {[%clk 00:43:53]} {[%emt 00:09:46]} 25. Bxe7 {[%clk 00:55:48]}
{[%emt 00:04:10]} Rxe7 {[%clk 00:44:22]} {[%emt 00:00:01]} 26. Qd4 {[%clk
00:52:58]} {[%emt 00:03:19]} f5 {[%clk 00:38:25]} {[%emt 00:06:28]} 27. f3
{[%clk 00:51:30]} {[%emt 00:01:57]} fxg4 {[%clk 00:38:15]} {[%emt 00:00:40]}
28. fxg4 {[%clk 00:51:31]} {[%emt 00:00:29]} e5 {[%clk 00:35:40]} {[%emt
00:03:06]} 29. Qd6 {[%clk 00:48:11]} {[%emt 00:03:49]} Rfe8 {[%clk 00:33:12]}
{[%emt 00:02:59]} 30. Qd5+ {[%clk 00:48:33]} {[%emt 00:00:07]} Kh8 {[%clk
00:33:25]} {[%emt 00:00:17]} 31. Qe4 {[%clk 00:48:58]} {[%emt 00:00:05]} Rf8
{[%clk 00:33:05]} {[%emt 00:00:51]} 32. b4 {[%clk 00:46:24]} {[%emt 00:03:04]}
Rf4 {[%clk 00:33:08]} {[%emt 00:00:27]} 33. Qd5 {[%clk 00:46:31]} {[%emt
00:00:22]} Kh7 {[%clk 00:29:51]} {[%emt 00:03:48]} 34. Qd6 {[%clk 00:46:35]}
{[%emt 00:00:25]} Rff7 {[%clk 00:30:12]} {[%emt 00:00:09]} 35. Qg6+ {[%clk
00:46:49]} {[%emt 00:00:16]} Kg8 {[%clk 00:30:41]} {[%emt 00:00:02]} 36. Qe4
{[%clk 00:46:05]} {[%emt 00:01:14]} Kf8 {[%clk 00:28:53]} {[%emt 00:02:18]} 37.
c6 {[%clk 00:43:53]} {[%emt 00:02:41]} bxc6 {[%clk 00:29:06]} {[%emt 00:00:18]}
38. Qxc6 {[%clk 00:44:01]} {[%emt 00:00:22]} e4 {[%clk 00:29:03]} {[%emt
00:00:32]} 39. Qc8+ {[%clk 00:42:36]} {[%emt 00:01:55]} Re8 {[%clk 00:29:25]}
{[%emt 00:00:09]} 40. Qxa6 {[%clk 00:40:50]} {[%emt 00:02:16]} e3 {[%clk
00:29:46]} {[%emt 00:00:08]} 41. Qd6+ {[%clk 00:38:23]} {[%emt 00:02:58]} Kg8
{[%clk 00:29:51]} {[%emt 00:00:25]} 42. Qc6 {[%clk 00:36:36]} {[%emt 00:02:16]}
Rfe7 {[%clk 00:30:13]} {[%emt 00:00:09]} 43. Qc4+ {[%clk 00:36:51]} {[%emt
00:00:15]} Re6 {[%clk 00:29:20]} {[%emt 00:01:23]} 44. Qe2 {[%clk 00:37:00]}
{[%emt 00:00:21]} Kh8 {[%clk 00:28:32]} {[%emt 00:01:20]} 45. a4 {[%clk
00:36:41]} {[%emt 00:00:48]} Rf6 {[%clk 00:28:55]} {[%emt 00:00:06]} 46. Kd1
{[%clk 00:34:10]} {[%emt 00:03:01]} Rf2 {[%clk 00:26:56]} {[%emt 00:02:30]} 47.
Qe1 {[%clk 00:32:20]} {[%emt 00:02:19]} Ra2 {[%clk 00:26:44]} {[%emt 00:00:40]}
48. Qe2 {[%clk 00:26:42]} {[%emt 00:06:11]} Rd8+ {[%clk 00:27:05]} {[%emt
00:00:09]} 0-1

[Event "DEM U14 2023"]
[Site "Willingen GER"]
[Date "2023.06.03"]
[Round "9"]
[White "Grabs, Peter"]
[Black "Zomartova, Ilya"]
[Result "1/2-1/2"]
[Termination "normal"]
[Board "21"]
[WhiteTitle "CM"]
[WhiteElo "1552"]
[BlackElo "1672"]
[WhiteClock "00:32:38"]
[BlackClock "00:54:11"]
[PlyCount "64"]
[WhiteFideId "16203887"]
[BlackFideId "13630946"]
[EventCountry "GER"]
[EventRounds "9"]
[EventType "swiss"]
[EventDate "2023.05.27"]

1. e4 {[%clk 01:30:57]} {[%emt 00:00:03]} c5 {[%clk 01:30:55]} {[%emt
00:00:05]} 2. Nf3 {[%clk 01:31:24]} {[%emt 00:00:03]} Nc6 {[%clk 01:31:19]}
{[%emt 00:00:06]} 3. Bb5 {[%clk 01:31:51]} {[%emt 00:00:03]} e6 {[%clk
01:31:28]} {[%emt 00:00:21]} 4. O-O {[%clk 01:32:15]} {[%emt 00:00:07]} Nge7
{[%clk 01:31:52]} {[%emt 00:00:05]} 5. Re1 {[%clk 01:32:36]} {[%emt 00:00:09]}
a6 {[%clk 01:32:10]} {[%emt 00:00:13]} 6. Bf1 {[%clk 01:33:00]} {[%emt
00:00:05]} Ng6 {[%clk 01:30:04]} {[%emt 00:02:36]} 7. c3 {[%clk 01:33:11]}
{[%emt 00:00:18]} Be7 {[%clk 01:30:03]} {[%emt 00:00:30]} 8. d4 {[%clk
01:33:22]} {[%emt 00:00:19]} cxd4 {[%clk 01:30:17]} {[%emt 00:00:18]} 9. cxd4
{[%clk 01:33:51]} d5 {[%clk 01:30:09]} {[%emt 00:00:39]} 10. e5 {[%clk
01:24:15]} {[%emt 00:10:05]} O-O {[%clk 01:30:21]} {[%emt 00:00:17]} 11. b3
{[%clk 01:21:11]} {[%emt 00:03:35]} Bd7 {[%clk 01:29:10]} {[%emt 00:01:40]} 12.
Ba3 {[%clk 01:19:58]} {[%emt 00:01:44]} Nb4 {[%clk 01:25:32]} {[%emt 00:04:04]}
13. Qd2 {[%clk 01:16:34]} {[%emt 00:03:57]} Qb6 {[%clk 01:23:48]} {[%emt
00:02:11]} 14. Rc1 {[%clk 01:15:15]} {[%emt 00:01:51]} Rac8 {[%clk 01:23:24]}
{[%emt 00:00:54]} 15. Nc3 {[%clk 01:15:06]} {[%emt 00:00:40]} a5 {[%clk
01:19:58]} {[%emt 00:03:57]} 16. Bb2 {[%clk 01:15:05]} {[%emt 00:00:31]} f6
{[%clk 01:11:49]} {[%emt 00:08:38]} 17. a4 {[%clk 01:11:33]} {[%emt 00:04:02]}
f5 {[%clk 01:10:21]} {[%emt 00:01:58]} 18. Nb5 {[%clk 01:11:31]} {[%emt
00:00:33]} Rc6 {[%clk 01:05:29]} {[%emt 00:05:21]} 19. Ne1 {[%clk 01:08:43]}
{[%emt 00:03:16]} Rfc8 {[%clk 01:04:25]} {[%emt 00:01:32]} 20. f4 {[%clk
00:56:32]} {[%emt 00:12:44]} Rxc1 {[%clk 01:00:51]} {[%emt 00:04:03]} 21. Rxc1
{[%clk 00:56:45]} {[%emt 00:00:17]} Rxc1 {[%clk 01:01:12]} {[%emt 00:00:09]}
22. Qxc1 {[%clk 00:56:45]} {[%emt 00:00:30]} Qc6 {[%clk 01:00:58]} {[%emt
00:00:44]} 23. Kf2 {[%clk 00:47:57]} {[%emt 00:09:18]} Kf8 {[%clk 00:59:54]}
{[%emt 00:01:35]} 24. g3 {[%clk 00:44:18]} {[%emt 00:04:08]} Qxc1 {[%clk
00:59:01]} {[%emt 00:01:23]} 25. Bxc1 {[%clk 00:44:42]} {[%emt 00:00:07]} Ke8
{[%clk 00:59:16]} {[%emt 00:00:14]} 26. Ke3 {[%clk 00:41:50]} {[%emt 00:03:22]}
Kd8 {[%clk 00:59:13]} {[%emt 00:00:33]} 27. Kd2 {[%clk 00:41:18]} {[%emt
00:01:03]} Nf8 {[%clk 00:55:30]} {[%emt 00:04:13]} 28. Nc2 {[%clk 00:32:38]}
{[%emt 00:09:09]} Bxb5 {[%clk 00:54:11]} {[%emt 00:01:48]} 29. Bxb5 {[%emt
00:00:22]} Nxc2 30. Kxc2 Bb4 {[%emt 00:00:02]} 31. Bd2 {[%emt 00:00:02]} Bxd2
{[%emt 00:00:02]} 32. Kxd2 Nd7 {[%emt 00:00:02]} 1/2-1/2

[Event "DEM U14 2023"]
[Site "Willingen GER"]
[Date "2023.06.03"]
[Round "9"]
[White "Li, Luxuan"]
[Black "Nönnig, Jakob"]
[Result "0-1"]
[Termination "normal"]
[Board "22"]
[WhiteElo "1403"]
[BlackElo "1736"]
[WhiteClock "00:19:55"]
[BlackClock "00:01:04"]
[PlyCount "82"]
[WhiteFideId "34617507"]
[BlackFideId "16289447"]
[EventCountry "GER"]
[EventRounds "9"]
[EventType "swiss"]
[EventDate "2023.05.27"]

1. e4 {[%clk 01:30:56]} {[%emt 00:00:04]} e5 {[%clk 01:30:56]} {[%emt
00:00:05]} 2. Nf3 {[%clk 01:31:19]} {[%emt 00:00:06]} Nc6 {[%clk 01:31:20]}
{[%emt 00:00:06]} 3. Bb5 {[%clk 01:31:42]} {[%emt 00:00:07]} a6 {[%clk
01:31:43]} {[%emt 00:00:08]} 4. Ba4 {[%clk 01:32:08]} {[%emt 00:00:02]} Nge7
{[%clk 01:32:06]} {[%emt 00:00:06]} 5. Nc3 {[%clk 01:32:10]} {[%emt 00:00:28]}
g6 {[%clk 01:32:01]} {[%emt 00:00:36]} 6. d4 {[%clk 01:31:54]} {[%emt
00:00:46]} exd4 {[%clk 01:32:12]} {[%emt 00:00:19]} 7. Nd5 {[%clk 01:32:12]}
{[%emt 00:00:12]} Bg7 {[%clk 01:32:26]} {[%emt 00:00:16]} 8. Bg5 {[%clk
01:32:20]} {[%emt 00:00:21]} h6 {[%clk 01:25:59]} {[%emt 00:06:57]} 9. Bf6
{[%clk 01:32:29]} {[%emt 00:00:22]} Bxf6 {[%clk 01:26:02]} {[%emt 00:00:25]}
10. Nxf6+ {[%clk 01:32:50]} {[%emt 00:00:09]} Kf8 {[%clk 01:26:30]} {[%emt
00:00:03]} 11. Nxd4 {[%clk 01:29:48]} {[%emt 00:03:33]} Kg7 {[%clk 01:25:51]}
{[%emt 00:01:07]} 12. Ng4 {[%clk 01:28:11]} {[%emt 00:02:07]} d6 {[%clk
01:18:57]} {[%emt 00:07:23]} 13. Nxc6 {[%clk 01:25:54]} {[%emt 00:02:48]} Nxc6
{[%clk 01:19:13]} {[%emt 00:00:14]} 14. h3 {[%clk 01:22:39]} {[%emt 00:03:45]}
Qg5 {[%clk 01:10:08]} {[%emt 00:09:35]} 15. Qd2 {[%clk 01:17:01]} {[%emt
00:06:08]} Bxg4 {[%clk 01:08:35]} {[%emt 00:02:03]} 16. hxg4 {[%clk 01:16:54]}
{[%emt 00:00:37]} Qxg4 {[%clk 01:08:43]} {[%emt 00:00:22]} 17. Bxc6 {[%clk
01:14:45]} {[%emt 00:02:39]} bxc6 {[%clk 01:03:06]} {[%emt 00:06:07]} 18. Qc3+
{[%clk 01:11:23]} {[%emt 00:03:51]} Kh7 {[%clk 01:02:51]} {[%emt 00:00:45]} 19.
Qxc6 {[%clk 01:03:49]} {[%emt 00:08:04]} Qxg2 {[%clk 01:02:59]} {[%emt
00:00:22]} 20. O-O-O {[%clk 01:01:18]} {[%emt 00:03:01]} Qg5+ {[%clk 00:58:50]}
{[%emt 00:04:39]} 21. Kb1 {[%clk 01:00:45]} {[%emt 00:01:04]} Ra7 {[%clk
00:53:24]} {[%emt 00:05:55]} 22. Qd7 {[%clk 00:57:42]} {[%emt 00:03:33]} Qf6
{[%clk 00:47:50]} {[%emt 00:05:59]} 23. Rxd6 {[%clk 00:51:47]} {[%emt
00:06:30]} Qxf2 {[%clk 00:43:44]} {[%emt 00:04:36]} 24. Qh3 {[%clk 00:46:29]}
{[%emt 00:05:48]} h5 {[%clk 00:34:30]} {[%emt 00:09:44]} 25. Rf1 {[%clk
00:32:54]} {[%emt 00:14:05]} Qxf1+ {[%clk 00:34:09]} {[%emt 00:00:51]} 26. Qxf1
{[%clk 00:33:14]} {[%emt 00:00:10]} cxd6 {[%clk 00:34:35]} {[%emt 00:00:05]}
27. Qd3 {[%clk 00:32:50]} {[%emt 00:00:54]} Re7 {[%clk 00:09:06]} {[%emt
00:25:59]} 28. Qxa6 {[%clk 00:30:46]} {[%emt 00:02:35]} Rxe4 {[%clk 00:09:07]}
{[%emt 00:00:28]} 29. a3 {[%clk 00:30:52]} {[%emt 00:00:24]} h4 {[%clk
00:08:34]} {[%emt 00:01:02]} 30. Qxd6 {[%clk 00:30:26]} {[%emt 00:00:57]} Kg7
{[%clk 00:07:55]} {[%emt 00:01:05]} 31. b4 {[%clk 00:29:10]} {[%emt 00:01:51]}
h3 {[%clk 00:07:54]} {[%emt 00:00:30]} 32. Qh2 {[%clk 00:29:01]} {[%emt
00:00:39]} Kf8 {[%clk 00:06:30]} {[%emt 00:01:49]} 33. Qb8+ {[%clk 00:27:42]}
{[%emt 00:01:54]} Re8 {[%clk 00:06:09]} {[%emt 00:00:51]} 34. Qd6+ {[%clk
00:27:02]} {[%emt 00:01:11]} Kg8 {[%clk 00:06:12]} {[%emt 00:00:26]} 35. Qh2
{[%clk 00:27:04]} {[%emt 00:00:28]} g5 {[%clk 00:05:01]} {[%emt 00:01:41]} 36.
b5 {[%clk 00:22:52]} {[%emt 00:04:43]} Kg7 {[%clk 00:03:41]} {[%emt 00:01:50]}
37. Qg3 {[%clk 00:22:29]} {[%emt 00:00:54]} f6 {[%clk 00:02:47]} {[%emt
00:01:23]} 38. Qh2 {[%clk 00:21:57]} {[%emt 00:01:02]} Kg6 {[%clk 00:02:16]}
{[%emt 00:01:01]} 39. c4 {[%clk 00:21:42]} {[%emt 00:00:45]} Re6 {[%clk
00:01:07]} {[%emt 00:01:39]} 40. c5 {[%clk 00:21:09]} {[%emt 00:01:03]} Re5
{[%clk 00:01:01]} {[%emt 00:00:36]} 41. Qc2+ {[%clk 00:19:55]} {[%emt
00:01:44]} Rf5 {[%clk 00:01:04]} {[%emt 00:00:27]} 0-1

[Event "DEM U14 2023"]
[Site "Willingen GER"]
[Date "2023.06.03"]
[Round "9"]
[White "Halich, Jan Finnian"]
[Black "Petrow, Andre"]
[Result "0-1"]
[Termination "normal"]
[Board "24"]
[WhiteElo "1134"]
[BlackElo "1540"]
[WhiteClock "00:31:17"]
[BlackClock "01:29:25"]
[PlyCount "50"]
[WhiteFideId "34623710"]
[BlackFideId "34612815"]
[EventCountry "GER"]
[EventRounds "9"]
[EventType "swiss"]
[EventDate "2023.05.27"]

1. e4 e5 {[%emt 0:00:03]} 2. Nf3 {[%emt 0:00:06]} Nc6 {[%emt 0:00:06]} 3. Bb5
{[%emt 0:00:06]} d6 4. d4 {[%emt 0:00:36]} exd4 {[%emt 0:00:07]} 5. Nxd4 {[%emt
0:00:22]} Bd7 {[%emt 0:00:06]} 6. Bxc6 {[%emt 0:08:07]} Bxc6 {[%emt 0:00:08]}
7. Nc3 {[%emt 0:01:49]} Nf6 {[%emt 0:00:10]} 8. Nxc6 {[%emt 0:01:19]} bxc6
{[%emt 0:00:07]} 9. Bg5 {[%emt 0:00:44]} Be7 10. O-O {[%emt 0:04:42]} Rb8 11.
b3 {[%emt 0:03:17]} h6 12. Bh4 {[%emt 0:01:14]} O-O 13. Re1 {[%emt 0:02:36]}
Nh7 14. Bxe7 {[%emt 0:01:59]} Qxe7 15. f4 {[%emt 0:05:42]} Qf6 16. Qf3 {[%emt
0:01:32]} Rfe8 17. Re3 d5 18. exd5 cxd5 19. Rd1 c6 {[%emt 0:27:43]} 20. Na4
{[%emt 0:02:57]} Qd6 {[%emt 0:00:40]} 21. c4 {[%emt 0:02:33]} Nf6 {[%emt
0:03:58]} 22. Nc3 {[%emt 0:02:31]} Qc5 {[%emt 0:00:48]} 23. Rde1 {[%emt
0:07:28]} Rxe3 {[%emt 0:00:28]} 24. Qxe3 {[%emt 0:00:32]} Qxe3+ {[%emt
0:00:06]} 25. Rxe3 {[%emt 0:00:07]} d4 0-1